Normal view
MARC view
- Greetham, Bryan
Entry Personal Name
001 - CONTROL NUMBER
- control field: 104276
003 - CONTROL NUMBER IDENTIFIER
- control field: NUST
005 - DATE AND TIME OF LATEST TRANSACTION
- control field: 20221206141812.0
008 - FIXED-LENGTH DATA ELEMENTS
- fixed length control field: 221206|| aca||aabn | a|a d
040 ## - CATALOGING SOURCE
- Original cataloging agency: NUST
- Transcribing agency: NUST
100 ## - HEADING--PERSONAL NAME
- Personal name: Greetham, Bryan
670 ## - SOURCE DATA FOUND
- Source citation: Work cat.: (NUST): Greetham, Bryan , Smart Thinking: , c2016
